[Event "Titled Tue 3rd Jun Early"]
[Site "chess.com INT"]
[Date "2025.06.03"]
[Round "10"]
[White "Nikulina, Alena"]
[Black "Kulnev, Aleksandr"]
[Result "0-1"]
[WhiteTitle "WFM"]
[BlackTitle "CM"]
[WhiteElo "1875"]
[BlackElo "2213"]
[WhiteFideId "4172051"]
[BlackFideId "54157544"]
[EventDate "2025.06.03"]

1. e4 c5 2. Nf3 d6 3. c3 Nf6 4. h3 Nc6 5. Bd3 g5 6. Bc2 g4 7. hxg4 Bxg4 8. d3 d5
9. Nbd2 Rg8 10. exd5 Qxd5 11. Qe2 O-O-O 12. Ne4 Ne5 13. Nxf6 exf6 14. Qe4 Nxf3+
15. gxf3 Bxf3 16. Qxd5 Rxd5 17. Rxh7 Re5+ 18. Kf1 Be2+ 19. Ke1 Bxd3+ 20. Kd2
Bxh7 21. Bxh7 Bh6+ 22. Kc2 Rh8 23. Bxh6 Rxh7 24. Be3 Rh2 25. Kb3 Re4 26. a4 b6
27. Rg1 Kd7 28. Rg8 Re7 29. Ra8 Ke6 30. Rc8 Kd5 31. Rd8+ Ke4 32. Rd6 Ke5 33. Rd8
Rh4 34. Ra8 Re4 35. Rh8 Kf5 36. Rh5+ Kg4 37. Rh6 R4e6 38. Rh8 Kf3 39. Rh3+ Ke2
40. Rh6 f5 41. Rh5 Re5 42. Rh4 Rxe3 43. fxe3 Kxe3 44. Rh5 f4 45. Rf5 f3 46. a5
bxa5 47. Kc4 f2 48. Kxc5 Ke2 0-1

[Event "Titled Tue 3rd Jun Early"]
[Site "chess.com INT"]
[Date "2025.06.03"]
[Round "10"]
[White "Shevchenko, Yaroslav"]
[Black "Rosen, Eric"]
[Result "0-1"]
[BlackTitle "IM"]
[WhiteElo "2137"]
[BlackElo "2377"]
[WhiteFideId "34144684"]
[BlackFideId "2032562"]
[EventDate "2025.06.03"]

1. e4 c5 2. Nf3 Nc6 3. Bb5 d6 4. O-O Bd7 5. c3 Nf6 6. Re1 a6 7. Bxc6 Bxc6 8. d4
Bxe4 9. Bg5 Bf5 10. Bxf6 gxf6 11. d5 Rg8 12. Nh4 Bg4 13. Qc2 h5 14. f3 Bd7 15.
Qh7 Rg7 16. Qxh5 Qb6 17. Nd2 Rg5 18. Qh7 Rxd5 19. Nc4 Qc7 20. a4 b5 21. axb5
Bxb5 22. Ne3 Re5 23. f4 Re6 24. Nd5 Qc6 25. Qf5 Bc4 26. Ne3 Bb3 27. c4 Qe4 28.
Kf2 Bxc4 29. Qg4 Rb8 30. Rab1 Ba2 31. Nef5 Qc2+ 32. Kg1 Bxb1 33. Rxe6 fxe6 34.
Ne3 Qc1+ 35. Nf1 Rxb2 36. Qxe6 Ba2 37. Qc8+ Kf7 38. Qg4 Qc2 39. f5 Ke8 40. Qf3
Qc4 41. Qa8+ Kf7 42. Qf3 Qd4+ 43. Kh1 Qxh4 0-1

[Event "Titled Tue 3rd Jun Early"]
[Site "chess.com INT"]
[Date "2025.06.03"]
[Round "10"]
[White "Miranda Camus, Joaquin Ignacio"]
[Black "Piddubna, Bozhena"]
[Result "0-1"]
[WhiteTitle "FM"]
[BlackTitle "WFM"]
[WhiteElo "2196"]
[BlackElo "2174"]
[WhiteFideId "3449300"]
[BlackFideId "34109293"]
[EventDate "2025.06.03"]

1. Nf3 Nf6 2. g3 b6 3. Bg2 Bb7 4. O-O e6 5. d3 Be7 6. Nbd2 O-O 7. e4 d5 8. e5
Nfd7 9. d4 c5 10. c3 Nc6 11. a3 a5 12. h4 b5 13. Re1 b4 14. Nf1 Qb6 15. Ne3 Rfd8
16. g4 Nf8 17. g5 Ng6 18. Ng4 a4 19. h5 Nf8 20. Nh4 cxd4 21. cxb4 Rac8 22. Nf6+
Kh8 23. Qg4 d3 24. g6 Qd4 25. Bf4 d2 26. Re3 Bxf6 27. exf6 Qxf6 28. b5 fxg6 29.
h6 Ne7 30. Be5 Rc1+ 31. Kh2 Qxf2 32. hxg7+ Kg8 33. gxf8=Q+ Rxf8 34. Rf3 Qg1+ 35.
Kg3 Qe1+ 36. Kh3 Qxe5 37. Rxf8+ Kxf8 38. Qb4 Rxa1 39. Qxd2 Re1 40. Qh6+ Ke8 41.
Qxh7 Re3+ 42. Nf3 Qf5+ 43. Kg3 Kd7 0-1

[Event "Titled Tue 3rd Jun Early"]
[Site "chess.com INT"]
[Date "2025.06.03"]
[Round "10"]
[White "Triapishko, Alexandr"]
[Black "Gyurjinyan, Valter"]
[Result "1-0"]
[WhiteTitle "IM"]
[BlackTitle "CM"]
[WhiteElo "2459"]
[BlackElo "2208"]
[WhiteFideId "14122286"]
[BlackFideId "13318179"]
[EventDate "2025.06.03"]

1. e4 c5 2. Nf3 d6 3. d4 cxd4 4. Nxd4 Nf6 5. Nc3 g6 6. Be3 Nc6 7. f3 h5 8. Qd2
Nxd4 9. Bxd4 Bh6 10. Be3 Bxe3 11. Qxe3 Be6 12. O-O-O Qa5 13. Kb1 Rc8 14. a3 h4
15. Ne2 Bc4 16. Nd4 Rh5 17. Bxc4 Rxc4 18. Rd3 a6 19. Rhd1 Qc7 20. R1d2 Kf8 21.
b3 Rcc5 22. Ne2 a5 23. Kb2 a4 24. Nf4 Rhe5 25. Rc3 axb3 26. cxb3 Rxc3 27. Qxc3
Rc5 28. Qd3 g5 29. Ne2 d5 30. b4 Rc4 31. exd5 Qe5+ 32. Nc3 b5 33. Kb3 Qxh2 34.
Nxb5 Rf4 35. d6 exd6 36. Qxd6+ Kg7 37. Nd4 Qg1 38. Ne2 Qe3+ 39. Qd3 Qe6+ 40. Kb2
Rc4 41. Nd4 Qc8 42. Nf5+ Kh8 43. Nd6 Qe6 44. Qxc4 Qe3 45. Qd4 Qe7 46. Ne4 Qe6
47. Qxf6+ 1-0

[Event "Titled Tue 3rd Jun Early"]
[Site "chess.com INT"]
[Date "2025.06.03"]
[Round "10"]
[White "Pham, Le Thao Nguyen"]
[Black "Purtseladze, Maka"]
[Result "1/2-1/2"]
[WhiteTitle "IM"]
[BlackTitle "IM"]
[WhiteElo "2388"]
[BlackElo "2261"]
[WhiteFideId "12401226"]
[BlackFideId "13602659"]
[EventDate "2025.06.03"]

1. d4 d5 2. Nf3 Bf5 3. c4 Bxb1 4. Rxb1 c6 5. cxd5 cxd5 6. a3 Nc6 7. Bf4 e6 8. e3
Bd6 9. Bxd6 Qxd6 10. Bd3 f5 11. Qb3 Nf6 12. Qxb7 O-O 13. O-O Rab8 14. Qa6 Rb6
15. Qa4 Rfb8 16. b4 Ne4 17. Rfc1 h6 18. Rc2 R8b7 19. Rbc1 Ne7 20. Ne5 Kh7 21.
Qe8 Rb8 22. Qa4 R8b7 23. Ba6 Rxa6 24. Qb3 Rab6 25. h4 Ng6 26. Rc6 Rxc6 27. Rxc6
Qe7 28. Nxg6 Kxg6 29. Qxd5 Kf7 30. Qe5 Qf6 31. Qf4 g5 32. hxg5 hxg5 33. Qh2 Kg6
34. f3 Nd2 35. Qd6 Re7 36. Rc8 Kf7 37. Qd8 Kg6 38. Qg8+ Rg7 39. Qe8+ Qf7 40. Qb5
g4 41. Rc2 gxf3 42. Rxd2 Kh7 43. Qc6 Qh5 44. Qxe6 fxg2 45. Rxg2 Qd1+ 46. Kh2
Qh5+ 47. Kg1 Qd1+ 48. Kh2 Qh5+ 49. Kg1 1/2-1/2

[Event "Titled Tue 3rd Jun Early"]
[Site "chess.com INT"]
[Date "2025.06.03"]
[Round "10"]
[White "Luong Phuong Hanh"]
[Black "Kshatriya, Nitin Vekhande"]
[Result "0-1"]
[WhiteTitle "WIM"]
[BlackTitle "FM"]
[WhiteElo "2144"]
[BlackElo "2255"]
[WhiteFideId "12401013"]
[BlackFideId "45075530"]
[EventDate "2025.06.03"]

1. d4 Nf6 2. Nf3 d5 3. c4 e6 4. g3 Be7 5. Bg2 O-O 6. O-O dxc4 7. Qc2 a6 8. a4
Bd7 9. Bf4 c5 10. Qxc4 cxd4 11. Nxd4 Nd5 12. Bd2 Bc6 13. Rd1 Nb6 14. Qd3 Bxg2
15. Kxg2 N8d7 16. Ba5 Qe8 17. Qb3 Nd5 18. Qxb7 Nc5 19. Qc6 Qxc6 20. Nxc6 Bf6 21.
Nc3 Rfc8 22. Nxd5 exd5 23. Rac1 Nb3 24. Bb4 Nxc1 25. Rxc1 Rc7 26. Bd6 Rd7 27.
Ba3 g6 28. b4 Kg7 29. Na5 d4 30. Rc6 d3 31. exd3 Rxd3 32. Nc4 Bd4 33. Rd6 Rc8
34. Nb6 Rc2 35. b5 Re2 36. bxa6 Rxf2+ 37. Kh3 Rdd2 38. Kg4 h5+ 39. Kg5 Be3+ 40.
Kh4 Rxh2# 0-1

[Event "Titled Tue 3rd Jun Early"]
[Site "chess.com INT"]
[Date "2025.06.03"]
[Round "10"]
[White "Ramu, K."]
[Black "Ivashentseva, Dominika"]
[Result "0-1"]
[WhiteTitle "FM"]
[BlackTitle "WCM"]
[WhiteElo "2151"]
[BlackElo "1921"]
[WhiteFideId "5006171"]
[BlackFideId "34331050"]
[EventDate "2025.06.03"]

1. e4 c5 2. Nf3 d6 3. d3 Nf6 4. g3 g6 5. Bg2 Bg7 6. O-O O-O 7. Re1 Nc6 8. e5
dxe5 9. Nxe5 Nxe5 10. Rxe5 Qc7 11. Qe2 Be6 12. Nc3 a6 13. Bg5 h6 14. Bf4 Qc8 15.
Na4 Nd7 16. Rxe6 fxe6 17. Qxe6+ Kh7 18. Bh3 b5 19. Nc3 Nb6 20. Qxc8 Nxc8 21. Re1
g5 22. Bg2 Ra7 23. Bb8 Rd7 24. Be4+ Kh8 25. Nd1 Nd6 26. Bxd6 exd6 27. c4 Re7 28.
b3 Rd8 29. Ne3 bxc4 30. bxc4 Rb8 31. Nf5 Re6 32. Rc1 Be5 33. Kg2 Rf6 34. Kh3
Rbf8 35. g4 Rb8 36. f3 Rb2 37. Rh1 Rxa2 38. Ng3 Bxg3 39. hxg3 Rb2 40. Ra1 Rb6
41. Ra5 Rf8 0-1

[Event "Titled Tue 3rd Jun Early"]
[Site "chess.com INT"]
[Date "2025.06.03"]
[Round "10"]
[White "Odegov, Artem"]
[Black "Hungaski, Robert"]
[Result "0-1"]
[WhiteTitle "FM"]
[BlackTitle "GM"]
[WhiteElo "2244"]
[BlackElo "2477"]
[WhiteFideId "34183644"]
[BlackFideId "2021030"]
[EventDate "2025.06.03"]

1. d4 e6 2. Nf3 f5 3. h3 Nf6 4. g4 d5 5. c4 c5 6. cxd5 exd5 7. Nc3 fxg4 8. hxg4
Bxg4 9. Ne5 Bf5 10. Bg5 Nc6 11. e4 dxe4 12. Bb5 Rc8 13. d5 a6 14. Ba4 Qe7 15.
dxc6 b5 16. Bxf6 Qxf6 17. Qd5 bxa4 18. O-O-O Be7 19. Nxe4 Bxe4 20. Qxe4 a3 21.
bxa3 h5 22. Qd5 Rc7 23. Rhe1 h4 24. Nd7 Qxc6 25. Ne5 Qxd5 26. Rxd5 Rh6 27. Kc2
h3 28. Nc4 h2 29. Rh1 Rcc6 30. Ne5 Rce6 31. f4 g5 32. f5 Rd6 33. Rxd6 Bxd6 34.
Ng4 Rh4 35. Nf6+ Kf7 36. Nd5 g4 37. Ne3 g3 38. Kd3 Rf4 39. Ke2 Rf2+ 40. Kd3 g2
41. Rxh2 Bxh2 42. Ng4 g1=Q 43. Nh6+ Ke8 44. f6 Qd1+ 45. Kc4 Rc2+ 46. Kb3 Qb1+
47. Ka4 Qb5# 0-1

[Event "Titled Tue 3rd Jun Early"]
[Site "chess.com INT"]
[Date "2025.06.03"]
[Round "10"]
[White "Lyakh, Vasiliy"]
[Black "Cordoba Roa, Angel Gabriel"]
[Result "0-1"]
[BlackTitle "FM"]
[WhiteElo "2116"]
[BlackElo "2394"]
[WhiteFideId "14189828"]
[BlackFideId "3957624"]
[EventDate "2025.06.03"]

1. d4 Nf6 2. c4 e6 3. Nc3 Bb4 4. e3 O-O 5. Bd3 d5 6. cxd5 exd5 7. Nf3 b6 8. O-O
Bb7 9. a3 Bd6 10. Qc2 c5 11. dxc5 bxc5 12. Rd1 Nbd7 13. b3 Qe7 14. Bb2 Rac8 15.
Rac1 Rfd8 16. Bf5 g6 17. Bh3 h5 18. Ne2 Rc7 19. Qc3 d4 20. exd4 Qxe2 21. Bxd7
Ne4 22. Qa5 Rcxd7 23. Ba1 Qxf2+ 24. Kh1 Ng3+ 25. hxg3 Bxf3 26. gxf3 Qxf3+ 27.
Kg1 Qxg3+ 28. Kf1 Qf3+ 29. Kg1 Re8 30. Re1 Qg3+ 31. Kf1 Qf3+ 32. Kg1 Re2 33.
Rxe2 Qxe2 34. Qe1 Qh2+ 35. Kf1 Bg3 36. Qe8+ Kh7 37. Qe3 Rd5 38. Rxc5 Qh3+ 39.
Ke2 Rd6 40. Kd3 Re6 41. Qf3 Qg4 42. Qxf7+ Kh6 43. d5 Qe4+ 44. Kc3 Be5+ 45. Kd2
Bf4+ 0-1

[Event "Titled Tue 3rd Jun Early"]
[Site "chess.com INT"]
[Date "2025.06.03"]
[Round "10"]
[White "Gutierrez Carmona, Juan Alejandro"]
[Black "Dicen, Elis Denele"]
[Result "1/2-1/2"]
[WhiteTitle "FM"]
[BlackTitle "WFM"]
[WhiteElo "2036"]
[BlackElo "2135"]
[WhiteFideId "5106770"]
[BlackFideId "462560"]
[EventDate "2025.06.03"]

1. e4 c6 2. d4 d5 3. Nc3 dxe4 4. Nxe4 Nf6 5. Ng3 h5 6. h3 h4 7. N3e2 Bf5 8. Nf3
e6 9. Nf4 Nbd7 10. c3 Bd6 11. Bd3 Bxd3 12. Nxd3 Qc7 13. Qe2 O-O-O 14. Bg5 Rde8
15. O-O-O Qa5 16. Kb1 Nd5 17. Bxh4 f6 18. Bg3 Bxg3 19. fxg3 N7b6 20. Nc5 Kb8 21.
Rhe1 Na4 22. Nxa4 Qxa4 23. Qc2 Qa5 24. Nd2 Qc7 25. Qd3 c5 26. Ne4 c4 27. Qf3 f5
28. Nc5 Qc6 29. Re5 b6 30. Na6+ Kb7 31. Nb4 Nxb4 32. cxb4 Rh6 33. d5 exd5 34.
Rxe8 Qxe8 35. Qxd5+ Qc6 36. Qd7+ Ka6 37. Qxc6 Rxc6 38. Rd7 g6 39. a4 b5 40. a5
Re6 41. Rg7 c3 42. bxc3 g5 43. Kb2 g4 44. h4 f4 45. Rf7 fxg3 46. Rg7 Re2+ 47.
Kb3 Rb2+ 48. Kxb2 1/2-1/2

[Event "Titled Tue 3rd Jun Early"]
[Site "chess.com INT"]
[Date "2025.06.03"]
[Round "10"]
[White "Dambaev, Dashi"]
[Black "Demchenko, Yaroslav"]
[Result "0-1"]
[WhiteTitle "CM"]
[BlackTitle "CM"]
[WhiteElo "2211"]
[BlackElo "2286"]
[WhiteFideId "55628494"]
[BlackFideId "14186667"]
[EventDate "2025.06.03"]

1. d4 e6 2. c4 d5 3. Nf3 a6 4. e3 Nf6 5. Nc3 dxc4 6. a4 c5 7. Bxc4 cxd4 8. exd4
Be7 9. O-O O-O 10. Re1 Nbd7 11. Qd3 Nb6 12. Bb3 Nfd5 13. a5 Nb4 14. Qe4 N6d5 15.
Ne5 Bf6 16. Bd2 g6 17. Bh6 Re8 18. Qf3 Bd7 19. Ne4 Bc6 20. Bd2 Kg7 21. Qh3 h5
22. Qf3 Qe7 23. Nc5 Rad8 24. Rad1 Bxe5 25. Rxe5 Nf6 26. Qf4 Qd6 27. Bxb4 Qc7 28.
Qe3 Nd7 29. Nxd7 Rxd7 30. Bc3 Red8 31. d5 Kg8 32. h3 exd5 33. Qd4 f6 34. Re6 Rf7
35. Rxf6 Rxf6 36. Qxf6 Kh7 37. Qg5 Rd7 38. Re1 Rf7 39. Be5 Qd7 40. Bc2 Qe6 41.
Kh2 d4 42. Qh4 Qf5 43. Qg3 h4 0-1

[Event "Titled Tue 3rd Jun Early"]
[Site "chess.com INT"]
[Date "2025.06.03"]
[Round "10"]
[White "Bashirli, Saadat"]
[Black "Goncharov, Vladimir"]
[Result "0-1"]
[WhiteTitle "WCM"]
[WhiteElo "1941"]
[BlackElo "2077"]
[WhiteFideId "13429990"]
[BlackFideId "34162256"]
[EventDate "2025.06.03"]

1. d4 Nf6 2. c4 c5 3. d5 e6 4. Nc3 exd5 5. cxd5 d6 6. Nf3 g6 7. Nd2 Nbd7 8. Nc4
Nb6 9. e4 Nxc4 10. Bxc4 Bg7 11. O-O O-O 12. Re1 a6 13. a4 Nd7 14. Bf4 Ne5 15.
Bf1 Bd7 16. a5 Rb8 17. Qd2 Qc8 18. Reb1 b5 19. axb6 Rxb6 20. Ra2 Qb7 21. Rba1
Ra8 22. h3 Qc8 23. Be3 f5 24. exf5 Bxf5 25. Be2 h5 26. Bh6 Bh8 27. Bf4 Nf7 28.
Bd3 Be5 29. Be3 Bxd3 30. Qxd3 Kg7 31. f4 Bf6 32. Rf1 Qf5 33. Qd1 Rab8 34. Qd2
Rb3 35. Kh2 a5 36. Rf2 Bh4 37. g3 Bf6 38. Rg2 R8b4 39. g4 hxg4 40. hxg4 Qc8 41.
Kg3 Qb7 42. Rh2 a4 43. g5 Bd4 44. Kg4 a3 45. Rxa3 Rxb2 46. Bxd4+ cxd4 47. Qd3
Rxh2 48. Ne4 Qc8+ 49. Kg3 Qh3# 0-1

[Event "Titled Tue 3rd Jun Early"]
[Site "chess.com INT"]
[Date "2025.06.03"]
[Round "10"]
[White "Fadi, Marko"]
[Black "Loskutova, Viktoriya"]
[Result "1-0"]
[WhiteTitle "FM"]
[BlackTitle "WFM"]
[WhiteElo "2244"]
[BlackElo "2066"]
[WhiteFideId "10605371"]
[BlackFideId "34166278"]
[EventDate "2025.06.03"]

1. d3 Nf6 2. Nd2 d5 3. g3 e5 4. Bg2 Nc6 5. e3 Be7 6. Ne2 O-O 7. b3 Be6 8. Bb2
Qd7 9. O-O Bh3 10. c4 Bxg2 11. Kxg2 e4 12. cxd5 exd3 13. dxc6 dxe2 14. cxd7
exd1=Q 15. Rfxd1 Nxd7 16. Rac1 c6 17. Ne4 Rfd8 18. f4 Nb6 19. Kf3 Nd5 20. a3 Rd7
21. Nc5 Bxc5 22. Rxc5 Rad8 23. e4 Nc7 24. Rxd7 Rxd7 25. Ke2 h6 26. f5 Nb5 27.
Ke3 Rd1 28. a4 Nc7 29. Be5 Na6 30. Rc4 Re1+ 31. Kf2 Rb1 32. Rc3 Rb2+ 33. Kf3
Rxh2 34. Bd4 Nb4 35. Bxa7 Nc2 36. g4 Ne1+ 37. Kg3 Rg2+ 38. Kh3 Re2 39. Re3 Rxe3+
40. Bxe3 Nd3 41. Bd4 f6 42. Kg3 Kf7 43. Kf3 c5 44. Bc3 Nc1 45. b4 Na2 46. Bd2
cxb4 47. Be3 b3 48. Bd4 Nb4 49. Ke2 Nc6 50. Bc3 Ne5 51. Bxe5 fxe5 52. Kd3 Kf6
53. Kc3 Kg5 54. f6 Kxg4 55. fxg7 1-0

[Event "Titled Tue 3rd Jun Early"]
[Site "chess.com INT"]
[Date "2025.06.03"]
[Round "10"]
[White "Khazhatuly, Alikhan"]
[Black "Kovalchuk, Alexey"]
[Result "0-1"]
[WhiteTitle "CM"]
[BlackTitle "FM"]
[WhiteElo "2196"]
[BlackElo "2304"]
[WhiteFideId "13731335"]
[BlackFideId "24154385"]
[EventDate "2025.06.03"]

1. e4 c5 2. Nf3 d6 3. d4 cxd4 4. Nxd4 Nf6 5. Nc3 a6 6. Bg5 Nbd7 7. Be2 e6 8. Qd2
Be7 9. f4 Qc7 10. Bf3 Rb8 11. g4 b5 12. a3 Bb7 13. h4 Nb6 14. b3 Rc8 15. Bxf6
Bxf6 16. Nce2 g6 17. h5 e5 18. g5 Bg7 19. h6 Bf8 20. f5 exd4 21. Qxd4 Rg8 22.
fxg6 Rxg6 23. Bg4 Rxg5 24. Bxc8 Bxc8 25. O-O-O Be6 26. Kb1 Nd7 27. Nf4 Qc5 28.
Nxe6 fxe6 29. Qh8 Qxa3 30. Rhf1 b4 31. Qxh7 Ra5 32. Qh8 Qa2+ 33. Kc1 Qa1+ 34.
Qxa1 Rxa1+ 35. Kd2 Bxh6+ 36. Ke2 Rxd1 37. Rxd1 Ke7 38. Rd4 a5 39. Rd1 Bg7 40.
Rg1 Bd4 41. Rh1 Nc5 42. Rh7+ Kd8 43. Rh5 Be5 0-1

[Event "Titled Tue 3rd Jun Early"]
[Site "chess.com INT"]
[Date "2025.06.03"]
[Round "10"]
[White "Horobetz, Graham"]
[Black "Hobaica, Juan Pablo"]
[Result "1-0"]
[BlackTitle "IM"]
[WhiteElo "2250"]
[BlackElo "2412"]
[WhiteFideId "2047322"]
[BlackFideId "104159"]
[EventDate "2025.06.03"]

1. e4 c5 2. Nf3 d6 3. d4 cxd4 4. Nxd4 Nf6 5. Nc3 Nc6 6. Bg5 e6 7. Qd2 h6 8. Bxf6
gxf6 9. O-O-O a6 10. f4 Qc7 11. Kb1 b5 12. Be2 Bb7 13. f5 b4 14. Na4 e5 15. Nb3
h5 16. Qe3 Rb8 17. Nb6 Nd4 18. Rxd4 exd4 19. Qxd4 Be7 20. Nd5 Bxd5 21. exd5 a5
22. Qe4 Kf8 23. Nd4 Kg7 24. Nc6 Rbe8 25. Qf3 Rh7 26. Rg1 Kg8 27. g4 h4 28. g5
Rg7 29. g6 fxg6 30. fxg6 Bf8 31. Bd3 Qb6 32. Qf1 Qc5 33. Qg2 h3 34. Qg4 Qf2 35.
a3 Qxh2 36. Rf1 Qg2 37. Qh5 h2 38. Nd4 Qg1 39. Nf5 Re1+ 40. Rxe1 Qxe1+ 41. Ka2
h1=Q 42. Nh6+ Kh8 43. Nf7+ Kg8 44. Nh6+ Kh8 45. Nf7+ Kg8 46. Qf5 Rxf7 47. gxf7+
Kxf7 48. Qg6+ Ke7 49. Qg4 Qe5 50. Bc4 Qhe4 51. Qc8 Q5d4 52. Qc7+ Ke8 53. Bb5# 1-0

[Event "Titled Tue 3rd Jun Early"]
[Site "chess.com INT"]
[Date "2025.06.03"]
[Round "10"]
[White "Pribelszky, Bence"]
[Black "Negrean, Andrei"]
[Result "0-1"]
[WhiteTitle "IM"]
[BlackTitle "FM"]
[WhiteElo "2400"]
[BlackElo "2336"]
[WhiteFideId "769738"]
[BlackFideId "1291513"]
[EventDate "2025.06.03"]

1. b3 e5 2. Bb2 Nc6 3. e4 Nf6 4. Nc3 Bc5 5. Be2 d6 6. Nf3 O-O 7. O-O a6 8. Kh1
Ng4 9. Qe1 f5 10. Bc4+ Kh8 11. h3 Nf6 12. d3 f4 13. Nd5 Nxd5 14. exd5 Ne7 15. d4
exd4 16. Nxd4 Bxd4 17. Bxd4 f3 18. Rg1 Nf5 19. Bb2 Qh4 20. Qc3 Qxf2 21. Bd3 Qg3
22. Bxf5 Rxf5 23. Rae1 Bd7 24. Qxc7 fxg2+ 25. Rxg2 Qxe1+ 26. Kh2 Rf7 27. Rxg7
Rxg7 28. Bxg7+ Kxg7 29. Qxd7+ Kf6 30. Qxd6+ Kf5 31. Qd7+ Kf4 32. Qf7+ Ke3 33.
Qe6+ Kd2 34. Qh6+ Qe3 35. Qxh7 Qf2+ 36. Kh1 Qe1+ 37. Kh2 Re8 38. Qh6+ Re3 39. d6
Qf2+ 40. Kh1 Qf1+ 41. Kh2 Qf2+ 42. Kh1 Kc3 43. Qg7+ Kb4 44. Qd4+ Ka3 45. Qc5+
Kb2 46. Qd4+ Kc1 47. Qa1+ Kxc2 48. Qg1 Rxh3+ 49. Qh2 Qxh2# 0-1

[Event "Titled Tue 3rd Jun Early"]
[Site "chess.com INT"]
[Date "2025.06.03"]
[Round "10"]
[White "Souleidis, Georgios"]
[Black "Uzuner, Tufan Can"]
[Result "0-1"]
[WhiteTitle "IM"]
[BlackTitle "CM"]
[WhiteElo "2418"]
[BlackElo "1886"]
[WhiteFideId "4206827"]
[BlackFideId "6300499"]
[EventDate "2025.06.03"]

1. d4 d5 2. Nf3 Nf6 3. e3 c5 4. Bd3 Nc6 5. O-O cxd4 6. exd4 Bg4 7. c3 e6 8. Bf4
Bd6 9. Bg5 O-O 10. Nbd2 Qc7 11. h3 Bh5 12. Re1 Bh2+ 13. Kh1 Bf4 14. Qc2 Bg6 15.
Bxf6 gxf6 16. g3 Bxg3 17. fxg3 Qxg3 18. Rg1 Qxh3+ 19. Nh2 Rac8 20. Bxg6 hxg6 21.
Nf3 Kg7 22. Qg2 Qh5 23. Qg4 Rh8 24. Qxh5 Rxh5 25. Kg2 e5 26. Ng4 e4 27. Nfh2 f5
28. Ne3 f4 29. Nc2 f5 30. Nf1 Rch8 31. Kf2 Kf6 32. Ke2 g5 33. b4 g4 34. b5 Na5
35. Nb4 Ke6 36. Re1 Nc4 37. Kd1 f3 38. Ng3 f2 39. Nxh5 fxe1=Q+ 40. Rxe1 Rxh5 41.
a4 g3 42. Nc2 g2 43. Ke2 Rh1 44. Kf2 Rxe1 45. Nxe1 Nb2 46. a5 Na4 47. Nxg2 Nxc3
48. b6 axb6 49. axb6 Na4 50. Ke3 Nxb6 51. Kf4 Nc4 52. Nh4 e3 53. Kf3 b5 54. Ng2
b4 55. Nf4+ Kd6 56. Nd3 b3 57. Kf4 b2 58. Kf3 b1=Q 0-1

[Event "Titled Tue 3rd Jun Early"]
[Site "chess.com INT"]
[Date "2025.06.03"]
[Round "10"]
[White "Madi, Aidana"]
[Black "Moinzai, Khushal"]
[Result "0-1"]
[WhiteTitle "WFM"]
[BlackTitle "FM"]
[WhiteElo "1855"]
[BlackElo "1894"]
[WhiteFideId "13722689"]
[BlackFideId "11701200"]
[EventDate "2025.06.03"]

1. e4 c5 2. d4 cxd4 3. c3 dxc3 4. Nxc3 Nc6 5. Nf3 e6 6. Bc4 Bb4 7. O-O Nge7 8.
e5 Bxc3 9. bxc3 O-O 10. Ba3 Re8 11. Qe2 a6 12. Rfd1 b5 13. Bd3 Nf5 14. Be4 Bb7
15. Qd3 g6 16. Qxd7 Qb6 17. Ng5 Nh6 18. Qd3 Nxe5 19. Qh3 Kg7 20. Rd6 Qc7 21.
Rad1 Bxe4 22. Nxe4 Rad8 23. Qh4 Rxd6 24. Qf6+ Kg8 25. Bxd6 Qd8 26. Qxe5 f6 27.
Nxf6+ Kf7 28. Nxe8 Qxe8 29. Bc5 Nf5 30. Bd4 Qd8 31. Qh8 Qd5 32. Qxh7+ Ke8 33.
Qh8+ Kd7 34. Qe5 Qxa2 35. h3 Qb3 36. Bc5+ Qxd1+ 37. Kh2 Qd5 38. Qxd5+ exd5 39.
g4 Nd6 40. Kg3 a5 41. h4 Ne4+ 42. Kf4 Nxc5 43. Kg5 Ne4+ 44. Kxg6 Nxf2 45. h5
Nxg4 46. Kg5 Ne5 47. Kf6 Ng4+ 48. Kg5 Ne5 49. Kf6 Kd6 50. h6 Ng4+ 51. Kg5 Nxh6
52. Kxh6 a4 53. Kg5 a3 0-1

[Event "Titled Tue 3rd Jun Early"]
[Site "chess.com INT"]
[Date "2025.06.03"]
[Round "10"]
[White "Ostensen, Nicolai Maxime"]
[Black "Abraham, John Z"]
[Result "1-0"]
[WhiteTitle "FM"]
[WhiteElo "2283"]
[BlackElo "2100"]
[WhiteFideId "1546970"]
[BlackFideId "30987318"]
[EventDate "2025.06.03"]

1. e4 c5 2. Nf3 e6 3. c3 d5 4. exd5 Qxd5 5. d4 Nf6 6. Na3 Nc6 7. Nb5 Qd8 8. dxc5
Bxc5 9. Qxd8+ Kxd8 10. Bf4 a6 11. O-O-O+ Bd7 12. Nd6 Bxd6 13. Bxd6 Ne4 14. Bg3
Nxg3 15. hxg3 Ke7 16. Bd3 h6 17. Be4 Rac8 18. Rd2 Rhd8 19. Rhd1 b5 20. Bxc6 Bxc6
21. Rxd8 Rxd8 22. Rxd8 Kxd8 23. Ne5 Be8 24. b4 f6 25. Nd3 Bd7 26. Nc5 Bc8 27. a4
bxa4 28. Nxa4 Kc7 29. Kd2 Kc6 30. c4 e5 31. Kc3 Bf5 32. Nb2 h5 33. Nd1 g5 34.
Ne3 Be6 35. Kd3 f5 36. Nf1 Kb6 37. Nd2 a5 38. bxa5+ Kxa5 39. Kc3 Kb6 40. Nf3 f4
41. gxf4 exf4 42. Nxg5 Bc8 43. Kd4 h4 44. f3 Ba6 45. Nh3 Bb7 46. Nxf4 Kc6 47.
Ng6 Bc8 48. Nxh4 Kd6 49. g4 Kc7 50. g5 Be6 51. f4 Kd6 52. f5 Bg8 53. c5+ Kc6 54.
g6 Bb3 55. f6 Kd7 56. Ke5 1-0

[Event "Titled Tue 3rd Jun Early"]
[Site "chess.com INT"]
[Date "2025.06.03"]
[Round "10"]
[White "Madaminov, Mukhiddin"]
[Black "Zhigalko, Sergei"]
[Result "0-1"]
[WhiteTitle "GM"]
[BlackTitle "GM"]
[WhiteElo "2520"]
[BlackElo "2572"]
[WhiteFideId "14210703"]
[BlackFideId "13502956"]
[EventDate "2025.06.03"]

1. e4 c5 2. Nf3 Nc6 3. Bb5 Nf6 4. Bxc6 dxc6 5. d3 Bg4 6. Nbd2 Qc7 7. h3 Bh5 8.
Nc4 Nd7 9. a4 b5 10. Ne3 e6 11. b3 Bd6 12. Bb2 f6 13. O-O O-O 14. Qe2 Rfe8 15.
axb5 cxb5 16. Ra6 Nb8 17. Raa1 Nc6 18. Qd1 a5 19. Re1 Bf4 20. Bc3 Red8 21. Ng4
Kh8 22. g3 Bxg3 23. fxg3 Qxg3+ 24. Kh1 Qxh3+ 25. Ngh2 c4 26. bxc4 bxc4 27. Qe2
cxd3 28. cxd3 Rac8 29. Rg1 Bxf3+ 30. Qxf3 Qxf3+ 31. Nxf3 Rxd3 32. Bxf6 gxf6 33.
Raf1 Rg8 34. Rxg8+ Kxg8 35. Nh2 Ne5 36. Ra1 Nc4 37. Rf1 a4 38. Ng4 a3 39. Nxf6+
Kg7 40. Ne8+ Kg6 41. Rg1+ Kf7 42. Nc7 Rd2 43. Nb5 a2 44. Ra1 Rc2 45. Kg1 Na5 46.
Nd4 Rb2 47. Rf1+ Ke8 48. Nxe6 Rb1 49. Nc7+ Kd7 50. Nd5 Rxf1+ 0-1